Law of Limitation and Prescription: (Record no. 181387)

MARC details
000 -LEADER
fixed length control field 00939nam a22002417a 4500
005 - DATE AND TIME OF LATEST TRANSACTION
control field 20210909164556.0
010 ## - LCCN (DPL NO)
LC control number ENG-129904-05
020 ## - INTERNATIONAL STANDARD BOOK NUMBER
International Standard Book Number 9789386515629
Terms of availability 4529.00( vol.2)
035 ## - SYSTEM CONTROL NUMBER
System control number EN-113437 -38
037 ## - SOURCE OF ACQUISITION
Source of stock number/acquisition DBAD/PUB
082 ## - DEWEY DECIMAL CLASSIFICATION NUMBER
Classification number 347.54052
100 ## - MAIN ENTRY--PERSONAL NAME
Personal name Mitra,Upendra Nath
245 ## - TITLE STATEMENT
Title Law of Limitation and Prescription:
Statement of responsibility, etc by Upendra Nath Mitra...[et.al.]
Remainder of title The most exhaustive and authoritative commentary on the limitation act,1963/
250 ## - EDITION STATEMENT
Edition statement 15th ed.
260 ## - PUBLICATION, DISTRIBUTION, ETC. (IMPRINT)
Name of publisher, distributor, etc Lexis Nexis
Place of publication, distribution, etc India
Date of publication, distribution, etc 2018
270 ## - ADDRESS
City Gurgaon
Postal code 122002
Address 14th Floor , Building No 10, Tower-B, DLF Cyber City, phase -ll
Telephone number +91 124 4774444
Fax number +91 124 4774100
Electronic mail address help.in@lexisnexis.com
300 ## - PHYSICAL DESCRIPTION
Extent v.p.
Dimensions 25cm(hbk)
Other physical details vol.1-2
500 ## - GENERAL NOTE
General note vol.1(section -32 &Articles 1-55)<br/>vol.2(Articles 56-end)<br/>
700 ## - ADDED ENTRY--PERSONAL NAME
Personal name Jhingta,HR
700 ## - ADDED ENTRY--PERSONAL NAME
Personal name Shakil Ahmad khan
700 ## - ADDED ENTRY--PERSONAL NAME
Personal name Suhaas R Joshi
942 ## - ADDED ENTRY ELEMENTS (KOHA)
Source of classification or shelving scheme Dewey Decimal Classification
Item type English Books
Classification part 347
Call number suffix MIT
Edition 15th.ed
Holdings
Withdrawn status Lost status Materials specified (bound volume or other part) Not for loan Collection code Home library Current library Date acquired Source of acquisition Cost, normal purchase price Full call number Barcode Copy number Cost, replacement price Koha item type
    vol.1   Reference Central Library Central Library 09/09/2021 DBAD/PUB 2264.50 347 MIT EN-113437 1 2264.50 English Books
    vol.2   Reference Central Library Central Library 09/09/2021 DBAD/PUB 2264.50 347 MIT EN-113438 1 2264.50 English Books

© Delhi Public Library
Hit Counter
free hit counter